[Event "Heusenstamm Schloss op"]
[Site "Heusenstamm"]
[Date "2023.11.25"]
[Round "5"]
[White "Vranckx, Oscar"]
[Black "McAdam, Mark"]
[Result "1/2-1/2"]
[WhiteElo "1643"]
[BlackElo "2037"]
[PlyCount "45"]
[EventDate "2023.11.23"]
[EventType "swiss"]
[EventRounds "7"]
[EventCountry "GER"]
[SourceTitle "CB50_2023"]
[SourceDate "2023.12.13"]
[SourceVersion "1"]
[SourceVersionDate "2023.12.13"]
[SourceQuality "1"]

1. e4 c6 2. Nc3 d5 3. Nf3 dxe4 4. Nxe4 Bg4 5. h3 Bxf3 6. Qxf3 Nd7 7. d4 Ngf6 8. c3 e6 9. Bd3 Be7 10. Bf4 0-0 11. 0-0-0 Nd5 12. Bh2 b5 13. g4 Qb6 14. g5 c5 15. Rhg1 cxd4 16. cxd4 Rfc8+ 17. Kb1 g6 18. Rg4 Nb4 19. Nf6+ Nxf6 20. gxf6 Bd6 21. Be4 Nd5 22. Be5 b4 23. Bxd5 1/2-1/2

[Event "Heusenstamm Schloss op"]
[Site "Heusenstamm"]
[Date "2023.11.24"]
[Round "2"]
[White "Vranckx, Oscar"]
[Black "Schmid, Leon"]
[Result "1-0"]
[WhiteElo "1643"]
[BlackElo "1593"]
[PlyCount "91"]
[EventDate "2023.11.23"]
[EventType "swiss"]
[EventRounds "7"]
[EventCountry "GER"]
[SourceTitle "CB50_2023"]
[SourceDate "2023.12.13"]
[SourceVersion "1"]
[SourceVersionDate "2023.12.13"]
[SourceQuality "1"]

1. e4 c5 2. Nf3 Nc6 3. d4 cxd4 4. Nxd4 Nf6 5. Nc3 e5 6. Ndb5 d6 7. Bg5 a6 8. Na3 b5 9. Nd5 Be7 10. Bxf6 Bxf6 11. c3 Bg5 12. Nc2 0-0 13. h4 Bh6 14. g4 Bf4 15. Qf3 Be6 16. Nce3 Bxe3 17. Nxe3 Qb6 18. Rd1 Na5 19. Nf5 Rfd8 20. h5 Ra7 21. h6 g6 22. Ne7+ Kf8 23. Qf6 Ke8 24. Nd5 Bxd5 25. Rxd5 b4 26. Rxe5+ Kd7 27. Re7+ Kc8 28. Rxa7 Qxa7 29. cxb4 Nc6 30. Qc3 Kd7 31. Rh3 Ne5 32. Qb3 Qd4 33. Bxa6 Qxe4+ 34. Re3 Qf4 35. Qd5 Rb8 36. a3 f6 37. Bb5+ Ke7 38. Bc4 Kd7 39. Qe6+ Kc7 40. Bd5 Rd8 41. Qe7+ Rd7 42. Qf8 Qd4 43. Rc3+ Kb6 44. Qb8+ Ka6 45. Qc8+ Kb6 46. Rc6+ 1-0

[Event "GER-ch U12"]
[Site "Willingen"]
[Date "2023.06.02"]
[Round "8"]
[White "Krueger, Moritz"]
[Black "Vranckx, Oscar"]
[Result "1-0"]
[WhiteElo "1582"]
[BlackElo "1733"]
[PlyCount "115"]
[EventDate "2023.05.27"]
[EventType "swiss"]
[EventRounds "9"]
[EventCountry "GER"]
[SourceTitle "CBM 214 Extra"]
[Source "ChessBase"]
[SourceDate "2023.07.31"]
[SourceVersion "1"]
[SourceVersionDate "2023.07.31"]
[SourceQuality "1"]

1. d4 d5 2. c4 e6 3. Nc3 c5 4. cxd5 cxd4 5. Qa4+ Bd7 6. Qxd4 exd5 7. Qxd5 Nf6 8. Qb3 Na6 9. Bg5 Nc5 10. Qc2 Rc8 11. Nf3 h6 12. Bd2 Nce4 13. e3 Bf5 14. Qa4+ Bd7 15. Bb5 Nc5 16. Bxd7+ Nfxd7 17. Qc2 Nf6 18. 0-0 Bd6 19. Rfd1 0-0 20. Rac1 Nd3 21. Rb1 Ng4 22. Be1 Nxe1 23. Rxe1 Qf6 24. h3 Ne5 25. Qe4 Rc4 26. Qxb7 Rb8 27. Qd5 Rc5 28. Qd1 Nxf3+ 29. Qxf3 Rf5 30. Qe2 Qe5 31. f4 Qe7 32. e4 Rxf4 33. Nd5 Qe5 34. Nxf4 Qxf4 35. Qf3 Qh2+ 36. Kf1 Bg3 37. Red1 Rb6 38. Ke2 Rf6 39. Rh1 Rxf3 40. Kxf3 Qxh1 41. Rxh1 Be5 42. b4 Kf8 43. Rd1 Ke7 44. Ke3 Bc3 45. b5 Ke6 46. a4 g6 47. g4 Ke5 48. Rd5+ Ke6 49. Rc5 Ba5 50. Kd4 Bb6 51. Kc4 Kd6 52. Rc6+ Ke5 53. Rxb6 axb6 54. Kb4 Kd6 55. a5 bxa5+ 56. Kxa5 Kc7 57. Ka6 h5 58. Ka7 1-0

[Event "GER-ch U10"]
[Site "Willingen"]
[Date "2021.08.23"]
[Round "2"]
[White "Vranckx, Oscar"]
[Black "Krueger, Moritz"]
[Result "1-0"]
[WhiteElo "1300"]
[BlackElo "1187"]
[PlyCount "145"]
[EventDate "2021.08.22"]
[EventType "swiss"]
[EventRounds "11"]
[EventCountry "GER"]
[SourceTitle "EXT 2022"]
[Source "ChessBase"]
[SourceDate "2021.10.06"]
[SourceVersion "1"]
[SourceVersionDate "2021.10.06"]
[SourceQuality "1"]

1. e4 e6 2. d3 d5 3. Nd2 Nf6 4. Ngf3 dxe4 5. dxe4 Bc5 6. Bd3 0-0 7. 0-0 Nc6 8. Nb3 Bb6 9. c3 e5 10. a4 a5 11. Bg5 Be6 12. Nc1 h6 13. Bh4 Bg4 14. h3 Bh5 15. g4 Bg6 16. Qe2 Bc5 17. Nb3 Be7 18. Rad1 Qc8 19. Nbd2 Qe6 20. Bc4 Qc8 21. Bg3 Nd7 22. Bd5 Bd6 23. Nc4 Ne7 24. Ncxe5 Nxe5 25. Bxe5 Nxd5 26. Rxd5 Qe6 27. Bxd6 cxd6 28. Nd4 Qxe4 29. Qxe4 Bxe4 30. Rxd6 Rad8 31. Rxd8 Rxd8 32. Re1 Bd5 33. Nf5 Bb3 34. Re7 Bxa4 35. Rxb7 Rd1+ 36. Kh2 Rh1+ 37. Kg3 g5 38. b3 Bc6 39. Ne7+ Kg7 40. Nxc6 Rc1 41. c4 Kg6 42. Nxa5 Rg1+ 43. Kf3 Rh1 44. Kg2 Ra1 45. Nc6 Ra6 46. Ne5+ Kf6 47. Rb6+ Rxb6 48. Nd7+ Ke6 49. Nxb6 Kd6 50. Nd5 Kc5 51. Ne7 Kd6 52. Nf5+ Kc5 53. Nxh6 f6 54. f4 Kd4 55. fxg5 fxg5 56. Nf7 Kc5 57. Nxg5 Kb4 58. Ne4 Ka5 59. c5 Kb5 60. b4 Kc6 61. Nc3 Kc7 62. b5 Kb7 63. h4 Kc7 64. h5 Kd7 65. b6 Kc6 66. h6 Kxc5 67. b7 Kd4 68. h7 Kd3 69. h8Q Kc2 70. b8Q Kd3 71. Qb4 Kc2 72. Qd8 Kc1 73. Qd1# 1-0